000 00713nam a2200181Ia 4500
008 151202s9999||||xx |||||||||||||| ||und||
082 _bPNVM-122675
100 _aपंडित वासुदेव नारायण.
245 _aअद्वैत भक्ती.
260 _b"स्कंददास स्मारक ग्रंथ न्यास प्रकाशन,मुंबई 24."
260 _c0
300 _a156
600 _aपंडित वासुदेव नारायण.
630 _aअद्वैत भक्ती.
700 _aपंडित वासुदेव नारायण.
730 _aअद्वैत भक्ती.
942 _cBOOK
999 _c1352804
_d1352801